<?xml version="1.0" encoding="UTF-8"?>
<record
    xmlns:xsi="http://www.w3.org/2001/XMLSchema-instance"
    xsi:schemaLocation="http://www.loc.gov/MARC21/slim http://www.loc.gov/standards/marcxml/schema/MARC21slim.xsd"
    xmlns="http://www.loc.gov/MARC21/slim">

  <leader>01513nam a2200205 a 4500</leader>
  <datafield tag="090" ind1=" " ind2=" ">
    <subfield code="a">IAVH</subfield>
    <subfield code="b">00607</subfield>
  </datafield>
  <datafield tag="041" ind1=" " ind2=" ">
    <subfield code="a">spa</subfield>
  </datafield>
  <datafield tag="100" ind1=" " ind2=" ">
    <subfield code="a">Barrero, Mar&#xED;a Carolina</subfield>
    <subfield code="9">5084</subfield>
  </datafield>
  <datafield tag="245" ind1=" " ind2=" ">
    <subfield code="a">Estado del arte en m&#xE9;todos de priorizaci&#xF3;n de &#xE1;reas de conservaci&#xF3;n y esqueleto de propuesta para el Altiplano cundiboyacense</subfield>
  </datafield>
  <datafield tag="260" ind1=" " ind2=" ">
    <subfield code="a">Bogot&#xE1;</subfield>
    <subfield code="b">Instituto Alexander von Humboldt</subfield>
    <subfield code="c">2005</subfield>
  </datafield>
  <datafield tag="300" ind1=" " ind2=" ">
    <subfield code="a">75 p.</subfield>
  </datafield>
  <datafield tag="520" ind1=" " ind2=" ">
    <subfield code="a">La literatura ofrece gran variedad de m&#xE9;todos propuestos desde distintos enfoques que intentan acercase al ideal y cumplir a cabalidad con distintos principios, criterios y metas de conservaci&#xF3;n. Este documento proporciona un abanico de opciones metodol&#xF3;gicas para el desarrollo de estrategias de conservaci&#xF3;n. Se discuten argumentos y cuestionamientos existentes entre distintos autores que confluyen en una misma herramienta metodol&#xF3;gica y se muestran los progresos que han tenido la comunidad cient&#xED;fica y las organizaciones responsables. Se present&#xF3; una propuesta para priorizar &#xE1;reas de conservaci&#xF3;n en el Altiplano cundiboyacense en la cual se incluyen los siguientes pasos: diagn&#xF3;stico de vac&#xED;os de informaci&#xF3;n, selecci&#xF3;n de objetos de conservaci&#xF3;n, definici&#xF3;n de metas de conservaci&#xF3;n, amenazas, algoritmo de selecci&#xF3;n de humedales.</subfield>
  </datafield>
  <datafield tag="650" ind1=" " ind2=" ">
    <subfield code="a">Conservaci&#xF3;n</subfield>
    <subfield code="9">92401</subfield>
  </datafield>
  <datafield tag="650" ind1=" " ind2=" ">
    <subfield code="a">Biodiversidad</subfield>
    <subfield code="9">92204</subfield>
  </datafield>
  <datafield tag="650" ind1=" " ind2=" ">
    <subfield code="a">Areas protegidas</subfield>
    <subfield code="9">78</subfield>
  </datafield>
  <datafield tag="650" ind1=" " ind2=" ">
    <subfield code="a">Bibliograf&#xED;a</subfield>
    <subfield code="9">92439</subfield>
  </datafield>
  <datafield tag="650" ind1=" " ind2=" ">
    <subfield code="a">Humedales</subfield>
    <subfield code="9">92440</subfield>
  </datafield>
  <datafield tag="662" ind1=" " ind2=" ">
    <subfield code="a">Colombia</subfield>
    <subfield code="c">Altiplano cundiboyacense</subfield>
  </datafield>
  <datafield tag="945" ind1=" " ind2=" ">
    <subfield code="d">2007-08-15</subfield>
  </datafield>
  <datafield tag="999" ind1=" " ind2=" ">
    <subfield code="c">6114</subfield>
    <subfield code="d">6114</subfield>
  </datafield>
</record>
